The antifederalist

Saved in:
Bibliographic Details
Main Author: Storing, Herbert J (Author)
Format: Book
Language:English
Published: Chicago The University of Chicago Press 1985
Edition:2a. ed
Subjects:
Tags: Add Tag
No Tags, Be the first to tag this record!

MARC

LEADER 00000nam a2200000 a 4500
001 UCT9640
003 CL-VaPUC
008 970411e19850000US |||||||||||||||||eng|d
082 0 4 |a 342.042  |b STO  |2 21 
100 0 |a Storing, Herbert J  |e author  |9 382517 
245 1 4 |a The antifederalist 
250 |a 2a. ed 
300 |a 374 p 
942 |c BK 
945 |d 19970411 00:00:00  |a paguirre 
260 |a Chicago  |b The University of Chicago Press  |c 1985 
650 0 |a Federalismo  |9 313886 
650 0 |a Constituciones  |9 255417 
650 0 |a Derecho constitucional   |9 222588 
650 7 |a SISTEMAS POLITICOS  |2 CL-VaPUC  |9 382518 
650 0 |a Historia constitucional  |9 256052 
651 0 |a Estados Unidos  |9 255178 
583 |a last modification  |c 19970411 00:00:00  |k Rodrigo Vera 
999 |c 258021  |d 258019 
952 |0 0  |1 0  |4 0  |6 342_042000000000000_STO_1985  |7 0  |8 A  |9 281779  |a BIBDER  |b BIBDER  |d 2019-11-19  |i 182807K  |o 342.042 STO 1985  |p 182807K  |r 2023-01-25  |w 2019-11-19  |y BK  |k DER